000 00310nam a22001337a 4500
008 170330b xxu||||| |||| 00| 0 eng d
020 _a9781930598348
041 _aeng
080 _27TH
_a616-053.2
100 _a8
101 _aSHM
245 _aPEDIATRIC DOSAGE HANDBOOK
_cTAKETOMO, C.K
942 _2udc
_cBK
999 _c9143
_d9143